Statystyki dla Morza Świata

Kliknij tutaj aby rozwiązać quiz!

Ogólne statystyki

  • Ten quiz został rozwiązany 3 418 razy
    (3 408 od ostatniego zresetowania)
  • Średni wynik to 23 z 98

Statystyki odpowiedzi

Ocean do którego należyMorze% Poprawnych
Ocean AtlantyckiMorze Bałtyckie
96%
Ocean AtlantyckiMorze Czarne
90%
Ocean IndyjskiMorze Czerwone
84%
Ocean AtlantyckiMorze Śródziemne
77%
Ocean AtlantyckiMorze Północne
73%
Ocean SpokojnyMorze Żółte
64%
Ocean AtlantyckiMorze Karaibskie
59%
Ocean AtlantyckiMorze Białe
58%
Ocean AtlantyckiMorze Adriatyckie
54%
Ocean AtlantyckiMorze Egejskie
52%
Ocean SpokojnyMorze Japońskie
52%
Ocean AtlantyckiMorze Norweskie
49%
Ocean IndyjskiMorze Arabskie
45%
Ocean SpokojnyMorze Beringa
42%
Ocean SpokojnyMorze Południowochińskie
41%
Ocean AtlantyckiMorze Barentsa
39%
Ocean AtlantyckiMorze Jońskie
39%
Ocean SpokojnyMorze Koralowe
32%
Ocean SpokojnyMorze Wschodniochińskie
31%
Ocean AtlantyckiMorze Sargassowe
29%
Ocean AtlantyckiMorze Arktyczne
28%
Ocean AtlantyckiMorze Tyrreńskie
28%
Ocean AtlantyckiMorze Azowskie
27%
Ocean SpokojnyMorze Ochockie
27%
Ocean AtlantyckiMorze Marmara
26%
Ocean SpokojnyMorze Tasmana
26%
Ocean AtlantyckiMorze Irlandzkie
25%
Ocean SpokojnyMorze Filipińskie
24%
Ocean AtlantyckiMorze Grenlandzkie
23%
Ocean AtlantyckiMorze Baffina
22%
Ocean SpokojnyMorze Jawajskie
22%
Ocean AtlantyckiMorze Karskie
22%
Ocean AtlantyckiZatoka Meksykańska
22%
Ocean IndyjskiMorze Timor
21%
Ocean IndyjskiZatoka Perska
21%
Ocean AtlantyckiMorze Beauforta
20%
Ocean SpokojnyMorze Celebes
20%
Ocean AtlantyckiMorze Czukockie
20%
Ocean AtlantyckiMorze Łaptiewów
19%
Ocean AtlantyckiMorze Wschodniosyberyjskie
19%
Ocean IndyjskiZatoka Bengalska
19%
Ocean AtlantyckiMorze Celtyckie
18%
Ocean IndyjskiMorze Andamańskie
17%
Ocean IndyjskiMorze Arafura
17%
Ocean AtlantyckiMorze Balearskie (Iberyjskie)
17%
Ocean SpokojnyMorze Fidźi
17%
Ocean AtlantyckiMorze Labradorskie
17%
Ocean AtlantyckiMorze Liguryjskie
17%
Ocean AtlantyckiZatoka Gwinejska
17%
Ocean AtlantyckiZatoka Hudsona
17%
Ocean AtlantyckiKanał La Manche
16%
Ocean SpokojnyMorze Salomona
16%
Ocean SpokojnyMorze Sulu
16%
Ocean AtlantyckiZatoka Biskajska
16%
Ocean SpokojnyMorze Banda
15%
Ocean SpokojnyMorze Rossa
15%
Ocean AtlantyckiMorze Weddella
15%
Ocean SpokojnyMorze Flores
14%
Ocean AtlantyckiMorze Szkockie
14%
Ocean IndyjskiZatoka Adeńska
14%
Ocean SpokojnyZatoka Kalifornijska
14%
Ocean IndyjskiKanał Mozambicki
13%
Ocean AtlantyckiMorze Davisa
13%
Ocean IndyjskiMorze Davisa
13%
Ocean SpokojnyMorze Amundsena
12%
Ocean AtlantyckiMorze Hebrydzkie
12%
Ocean IndyjskiMorze Lakkadiwskie
12%
Ocean SpokojnyMorze Moluckie
12%
Ocean AtlantyckiMorze Scotia
12%
Ocean IndyjskiWielka Zatoka Australijska
12%
Ocean SpokojnyZatoka Alaska
12%
Ocean AtlantyckiCieśnina Duńska
11%
Ocean AtlantyckiMorze Alborańskie
11%
Ocean SpokojnyMorze Bali
11%
Ocean IndyjskiMorze Kosmonautów
11%
Ocean AtlantyckiMorze Lincolna
11%
Ocean SpokojnyMorze Sawu
11%
Ocean IndyjskiZatoka Omańska
11%
Ocean AtlantyckiZatoka św. Wawrzyńca
11%
Ocean SpokojnyZatoka Tajlandzka
11%
Ocean AtlantyckiAmerykańskie Morze Śródziemne
10%
Ocean AtlantyckiCieśnina Drake'a
10%
Ocean SpokojnyIndonezyjskie Morze Śródziemne
10%
Ocean AtlantyckiKanał Bristolski
10%
Ocean AtlantyckiKanał św. Jerzego
10%
Ocean AtlantyckiMorze Bahama
10%
Ocean IndyjskiMorze Mackenzie (Morze Wspólnoty)
10%
Ocean SpokojnyMorze Nowogwinejskie
10%
Ocean SpokojnyMorze Seram
10%
Ocean IndyjskiZatoka Karpentaria
10%
Ocean SpokojnyCieśnina Bassa
9%
Ocean SpokojnyMorze Bellinghausena
9%
Ocean IndyjskiMorze d'Urville'a
9%
Ocean SpokojnyMorze Somowa
9%
Ocean SpokojnyCieśnina Malakka
8%
Ocean SpokojnyMorze Harlahera
8%
Ocean IndyjskiMorze Riiser - Larsena
8%
Ocean SpokojnyCieśnina Makasarska
7%

Rozkład punktacji

Percentyl według liczby udzielonych odpowiedzi

Procent ludzi z każdym wynikiem

Twoja historia wyników

Nie rozwiązałeś tego quizu od ostatniego zresetowania